| 000 | 00625nam a2200217 a 4500 | ||
|---|---|---|---|
| 005 | 20240924070226.0 | ||
| 008 | 991125s1958 mx 000 0 spa u | ||
| 020 | _a9681604970 | ||
| 035 | _aUPN01000023047 | ||
| 049 | _aCG | ||
| 050 | 4 |
_aB3973 E8 _bC6 |
|
| 100 | 1 |
_aSpinoza, Benedictus, _d1632-1677 |
|
| 245 | 1 | 0 |
_aEtica demostrada según el orden geométrico / _cBaruch de Spinoza ; tr. Oscar Cohan. |
| 260 |
_aMéxico : _bFCE, _c1958. |
||
| 300 | _a273 p. | ||
| 440 | 0 | _aSección de obras de filosofía | |
| 650 | 4 |
_aÉtica _912720 |
|
| 650 | 4 |
_aFILOSOFIA HOLANDESA _917737 |
|
| 650 | 4 |
_aVida _914935 |
|
| 905 | _aLibro | ||
| 999 |
_c23047 _d23047 |
||